000 00410nam a2200145Ia 4500
008 220705s9999 xx 000 0 und d
020 _a9789391558550
041 _amar
082 _a362
100 _aVIVEK JOSHI
_92153
245 _aSWATEVE BHARTIY VIKASACHE UDYAMSHILATA UDYOGE ANI TUNTRADYANACHE
260 _aPUNE
_bBHARTIYE VICHAR SADHANA PRAKASHANPUNE
_c2022
300 _a68
650 _aMISCELLNOUS
_92154
999 _c4714
_d4714